00547nam a2200169Ia 4500008004100000100001800041245007000059245001800129260005900147260000900206300001100215650001800226650001500244856002600259999001900285952007300304170221s9999 xx 000 0 und d aFunda Erzurum aRepresentation of Women in Turkish Television’s Primetime News  cFunda Erzurum bOnline Journal of Communication and Media Technologies c2013 a33 : 8 xCommunication xMedia Arts uhttp://www.ojcmt.net/ c311072d311072 001040aCLbCLd2017-02-21l0r2017-02-21 00:00:00w2017-02-21yFOJ